[Event "Verbandsliga Nordbaden 2324"]
[Site "Baden"]
[Date "2024.03.03"]
[Round "7.3"]
[White "Pfleger, Michael"]
[Black "Kiefhaber, Holger"]
[Result "0-1"]
[WhiteElo "2165"]
[BlackElo "2193"]
[PlyCount "88"]
[EventDate "2023.09.24"]
[EventType "team-tourn"]
[EventRounds "9"]
[EventCountry "GER"]
[SourceTitle "EXT 2025"]
[Source "ChessBase"]
[SourceDate "2024.10.14"]
[SourceVersion "1"]
[SourceVersionDate "2024.10.14"]
[SourceQuality "1"]
[WhiteTeam "Bad Mergentheim II"]
[BlackTeam "Karlsruhe II"]
[WhiteTeamCountry "GER"]
[BlackTeamCountry "GER"]

1. e4 c5 2. Nf3 g6 3. h4 h5 4. Nc3 Bg7 5. Ng5 Nc6 6. g3 Nf6 7. Bg2 d6 8. d3 0-0 9. a4 Rb8 10. Bd2 a6 11. 0-0 b5 12. axb5 axb5 13. Nd5 b4 14. c3 Nxd5 15. exd5 Ne5 16. Be1 Bf5 17. Be4 Bg4 18. f3 Bd7 19. f4 Bg4 20. Qc1 Nd7 21. f5 Ne5 22. d4 cxd4 23. cxd4 gxf5 24. Bxf5 Qb6 25. Bh7+ Kh8 26. Bb1 Qxd4+ 27. Bf2 Qxd5 28. Be4 Qb3 29. Qe3 Qxe3 30. Bxe3 Nc4 31. Ba7 Bxb2 32. Rab1 Bf6 33. Bxb8 Rxb8 34. Rbc1 Nd2 35. Rxf6 exf6 36. Nxf7+ Kg7 37. Bd5 b3 38. Rc7 Kg6 39. Nxd6 b2 40. Bf7+ Kh6 41. Ba2 Be6 42. Kf2 Bxa2 43. Nf5+ Kg6 44. Ne7+ Kf7 0-1

[Event "Verbandsliga Nordbaden 1516"]
[Site "Baden"]
[Date "2016.02.14"]
[Round "6.4"]
[White "Pfleger, Michael"]
[Black "Brandenburger, Uwe"]
[Result "1-0"]
[WhiteElo "2188"]
[BlackElo "2024"]
[PlyCount "83"]
[EventDate "2015.09.27"]
[EventType "team-tourn"]
[EventRounds "9"]
[EventCountry "GER"]
[SourceTitle "EXT 2022"]
[Source "ChessBase"]
[SourceDate "2021.10.06"]
[SourceVersion "1"]
[SourceVersionDate "2021.10.06"]
[SourceQuality "1"]
[WhiteTeam "Bad Mergentheim II"]
[BlackTeam "Lindenhof"]
[WhiteTeamCountry "GER"]
[BlackTeamCountry "GER"]

1. g3 e5 2. Bg2 f5 3. d4 e4 4. h4 Nf6 5. h5 d5 6. h6 Be6 7. hxg7 Bxg7 8. c3 Nc6 9. Nh3 Qd7 10. b4 Ne7 11. a4 a5 12. b5 c6 13. Na3 c5 14. dxc5 Qc7 15. Nf4 Bf7 16. Be3 Nd7 17. Bd4 Be5 18. b6 Qc6 19. Nb5 Rd8 20. Nc7+ Kf8 21. e3 Rg8 22. Rxh7 Bxf4 23. exf4 Nxc5 24. Bf1 Qxb6 25. Nb5 Rc8 26. Rb1 Qg6 27. Rh4 b6 28. Be2 Nc6 29. Be3 Ne7 30. Kf1 Rc6 31. Bh5 Qh7 32. Bxf7 Qxf7 33. Na7 Rcg6 34. Rxb6 Rxb6 35. Bxc5 Rb7 36. Nc8 Rc7 37. Nxe7 Rxc5 38. Nxg8 Rxc3 39. Qd4 Rc4 40. Qe5 d4 41. Qd6+ Kxg8 42. Qd8+ 1-0

[Event "Verbandsliga Nordbaden 1516"]
[Site "Baden"]
[Date "2015.12.13"]
[Round "4.3"]
[White "Wenner, Tobias"]
[Black "Pfleger, Michael"]
[Result "0-1"]
[WhiteElo "2115"]
[BlackElo "2188"]
[PlyCount "72"]
[EventDate "2015.09.27"]
[EventType "team-tourn"]
[EventRounds "9"]
[EventCountry "GER"]
[SourceTitle "EXT 2022"]
[Source "ChessBase"]
[SourceDate "2021.10.06"]
[SourceVersion "1"]
[SourceVersionDate "2021.10.06"]
[SourceQuality "1"]
[WhiteTeam "Eppingen II"]
[BlackTeam "Bad Mergentheim II"]
[WhiteTeamCountry "GER"]
[BlackTeamCountry "GER"]

1. Nf3 g6 2. c4 Bg7 3. g3 f5 4. d4 d6 5. Nc3 c5 6. Bg2 Nc6 7. d5 Bxc3+ 8. bxc3 Na5 9. e4 fxe4 10. Ng5 Nf6 11. Nxe4 Nxe4 12. Bxe4 b6 13. h4 Kd7 14. 0-0 Kc7 15. Qe2 Bh3 16. Bg2 Bxg2 17. Kxg2 Qd7 18. Re1 Rae8 19. Bg5 Qa4 20. Qe6 Nxc4 21. Bxe7 Qd7 22. Qxd7+ Kxd7 23. Bg5 a5 24. Kf1 a4 25. Re2 Rxe2 26. Kxe2 Re8+ 27. Kd3 Nb2+ 28. Kd2 Re5 29. f4 Rxd5+ 30. Kc2 Nc4 31. Re1 Rd2+ 32. Kc1 Rxa2 33. Re7+ Kc6 34. Rxh7 a3 35. Ra7 Na5 36. Bf6 c4 0-1

[Event "Oberliga Baden 1112"]
[Site "Germany"]
[Date "2012.01.15"]
[Round "5.7"]
[White "Adler, Heiko"]
[Black "Pfleger, Michael"]
[Result "1-0"]
[WhiteElo "2074"]
[BlackElo "2224"]
[PlyCount "95"]
[EventDate "2011.10.02"]
[EventType "team-tourn"]
[EventRounds "9"]
[EventCountry "GER"]
[SourceTitle "EXT 2013"]
[Source "ChessBase"]
[SourceDate "2012.11.22"]
[SourceVersion "1"]
[SourceVersionDate "2012.11.22"]
[SourceQuality "1"]
[WhiteTeam "Oberwinden"]
[BlackTeam "Bad Mergentheim"]
[WhiteTeamCountry "GER"]
[BlackTeamCountry "GER"]

1. e4 Nc6 2. Nc3 Nd4 3. Bc4 e6 4. Nge2 c5 5. d3 a6 6. a4 Ne7 7. Bg5 f6 8. Bd2 d5 9. Ba2 Nxe2 10. Nxe2 g6 11. Nf4 Bg7 12. Qf3 Qb6 13. 0-0 d4 14. a5 Qd6 15. c3 Nc6 16. Rab1 0-0 17. Qh3 f5 18. cxd4 Bxd4 19. Ne2 Bg7 20. exf5 Rxf5 21. Ng3 Qxd3 22. Be3 Rd5 23. Bxd5 exd5 24. Qh4 Qb5 25. Rfe1 Bd7 26. Bh6 Re8 27. Bxg7 Kxg7 28. Qg5 Rxe1+ 29. Rxe1 Qxb2 30. Qxd5 Qd4 31. Qf3 Bg4 32. Qb3 Qb4 33. Qe3 Qd4 34. Qb3 Qb4 35. Qe3 Qd4 36. Qe8 Qd7 37. Qe3 Qd6 38. h3 Bc8 39. Ne4 Qd4 40. Qg3 c4 41. Kh2 Bf5 42. Nd6 Bd3 43. Nxb7 Qd5 44. Qc7+ Kh6 45. Nd6 g5 46. Nf7+ Kh5 47. g4+ Kg6 48. Qxc6+ 1-0

[Event "Verbandsliga Nord Baden 1112"]
[Site "Germany"]
[Date "2011.10.09"]
[Round "1.1"]
[White "Chernov, Vadim A"]
[Black "Pfleger, Michael"]
[Result "1-0"]
[WhiteElo "2445"]
[BlackElo "2222"]
[PlyCount "57"]
[EventDate "2011.10.09"]
[EventType "team-tourn"]
[EventRounds "9"]
[EventCountry "GER"]
[SourceTitle "EXT 2013"]
[Source "ChessBase"]
[SourceDate "2012.11.22"]
[SourceVersion "1"]
[SourceVersionDate "2012.11.22"]
[SourceQuality "1"]
[WhiteTeam "Ladenburg"]
[BlackTeam "Bad Mergentheim II"]
[WhiteTeamCountry "GER"]
[BlackTeamCountry "GER"]

1. e4 c5 2. Nf3 Nc6 3. Bb5 Nd4 4. Nxd4 cxd4 5. 0-0 e6 6. c4 a6 7. Ba4 Qh4 8. d3 Nh6 9. Nd2 Bd6 10. Nf3 Qh5 11. h3 e5 12. Qe2 f6 13. Nxd4 Qg6 14. Nf3 Ng8 15. Nh4 Qf7 16. Nf5 Bc7 17. c5 g6 18. Nd6+ Bxd6 19. cxd6 Qf8 20. f4 Qxd6 21. Bb3 Ne7 22. fxe5 Qxe5 23. Bf4 Qd4+ 24. Be3 Qe5 25. Rac1 Nc6 26. Qf2 Rf8 27. d4 Qh5 28. Rc5 f5 29. Bd1 1-0